000 00344nam a2200133Ia 4500
008 240624s9999 xx 000 0 und d
041 _aeng
082 _a658.8342 JOS
100 _aJOSHI ATUL
245 _aWINNING A BILLION CONSUMERS A DISRUPTIVE
260 _c2016
_aNew Delhi
_bSage
300 _axv, : 261 : p. : cm. ; 21
365 _cRS
_b38
999 _c27515
_d27515